California area codes Quiz Stats

 Plays Quiz not verified by Sporcle

Support Sporcle.
Go Orange.
Score 0/26 Timer 07:00
0 Plays Today
Cities Area code(s) % Correct
San Francisco, San Rafael, Novato415
82.2%
Santa Monica, Torrance, West Los Angeles310/424
76.4%
Oakland, Fremont, Richmond510
73.2%
Anaheim, Santa Ana, Orange714/657
72%
San Jose, Sunnyvale, Gilroy408
72%
Burbank, San Fernando Valley, Glendale818/747
70.1%
Los Angeles (Downtown)213
67.5%
San Diego (Downtown), Chula Vista619
66.2%
Sacramento, Elk Grove, Citrus Heights916
65%
Redding, Chico, Davis530
62.4%
Ventura, Santa Barbara, Simi Valley805
61.8%
Fresno, Visalia, Hanford559
60.5%
Santa Rosa, Eureka, Napa707
59.9%
Cities Area code(s) % Correct
San Bernardino, Pomona, Ontario909
59.9%
Concord, Livermore, Antioch925
59.2%
San Mateo, Palo Alto, Daly City650
59.2%
Stockton, Modesto, Merced209
58.6%
Los Angeles (Hollywood, East LA, Watts)323
58%
Monterey, Santa Cruz, Salinas831
56.7%
Irvine, Mission Viejo, Newport Beach949
54.8%
Pasadena, West Covina, El Monte626
54.8%
Long Beach, Whittier, Norwalk562
51.6%
Bakersfield, Lancaster, Santa Clarita661
49.7%
Solana Beach, La Jolla (San Diego), Poway858
49%
Palm Springs, Oceanside, Barstow760/442
47.1%
Riverside, Temecula, Corona951
45.9%

You're not logged in!

Compare scores with friends on all Sporcle quizzes.
OR
Log In

From the Vault

Multiples of 3 Blitz

by Mattyo7

This quiz is brought to you by the number 3.
Remove Ads.
Support Sporcle.
Get the best of Sporcle when you Go Orange. This ad-free experience offers more features, more stats, and more fun while also helping to support Sporcle. Thank you for becoming a member.

Show Comments

Extras

Top Quizzes Today


Score Distribution

Your Account Isn't Verified!

In order to create a playlist on Sporcle, you need to verify the email address you used during registration. Go to your Sporcle Settings to finish the process.

Report this User

Report this user for behavior that violates our Community Guidelines.

Details: